Engineering economy / (Record no. 60511)
[ view plain ]
| 000 -LEADER | |
|---|---|
| fixed length control field | 01384cam a2200349 a 4500 |
| 001 - CONTROL NUMBER | |
| control field | 15206368 |
| 003 - CONTROL NUMBER IDENTIFIER | |
| control field | NUST-PNEC |
| 005 - DATE AND TIME OF LATEST TRANSACTION | |
| control field | 20170116180700.0 |
| 008 - FIXED-LENGTH DATA ELEMENTS--GENERAL INFORMATION | |
| fixed length control field | 080305s2009 njua b 001 0 eng |
| 010 ## - LIBRARY OF CONGRESS CONTROL NUMBER | |
| LC control number | 2008010340 |
| 020 ## - INTERNATIONAL STANDARD BOOK NUMBER | |
| International Standard Book Number | 9780136142973 |
| 020 ## - INTERNATIONAL STANDARD BOOK NUMBER | |
| International Standard Book Number | 0136142974 |
| 035 ## - SYSTEM CONTROL NUMBER | |
| System control number | (OCoLC)ocn213080840 |
| 035 ## - SYSTEM CONTROL NUMBER | |
| System control number | (OCoLC)213080840 |
| Canceled/invalid control number | (OCoLC)191891675 |
| 040 ## - CATALOGING SOURCE | |
| Original cataloging agency | DLC |
| Transcribing agency | PNEC |
| Modifying agency | YDXCP |
| 050 00 - LIBRARY OF CONGRESS CALL NUMBER | |
| Classification number | TA177.4 |
| Item number | .S85 2009 |
| 082 00 - DEWEY DECIMAL CLASSIFICATION NUMBER | |
| Classification number | 658.15 SUL |
| 100 1# - MAIN ENTRY--PERSONAL NAME | |
| Personal name | Sullivan, William G., |
| Dates associated with a name | 1942- |
| 245 10 - TITLE STATEMENT | |
| Title | Engineering economy / |
| Statement of responsibility, etc. | William G. Sullivan, Elin M. Wicks, C. Patrick Koelling. |
| 250 ## - EDITION STATEMENT | |
| Edition statement | 14th ed. |
| 260 ## - PUBLICATION, DISTRIBUTION, ETC. | |
| Place of publication, distribution, etc. | Upper Saddle River, N.J. : |
| Name of publisher, distributor, etc. | Pearson Prentice Hall, |
| Date of publication, distribution, etc. | c2009. |
| 300 ## - PHYSICAL DESCRIPTION | |
| Extent | xvii, 668 p. : |
| Other physical details | ill. ; |
| Dimensions | 24 cm. |
| 500 ## - GENERAL NOTE | |
| General note | http://www.amazon.com/Engineering-Economy-14th-William-Sullivan/dp/0136142974/ref=sr_1_1?s=books&ie=UTF8&qid=1410152256&sr=1-1&keywords=9780136142973 |
| 504 ## - BIBLIOGRAPHY, ETC. NOTE | |
| Bibliography, etc. note | Includes bibliographical references (p. 651-653) and index. |
| 650 #0 - SUBJECT ADDED ENTRY--TOPICAL TERM | |
| Topical term or geographic name entry element | Engineering economy. |
| General subdivision | IME, ME |
| 700 1# - ADDED ENTRY--PERSONAL NAME | |
| Personal name | Wicks, Elin M. |
| 700 1# - ADDED ENTRY--PERSONAL NAME | |
| Personal name | Koelling, C. Patrick, |
| Dates associated with a name | 1953- |
| 856 41 - ELECTRONIC LOCATION AND ACCESS | |
| Materials specified | Table of contents only |
| Uniform Resource Identifier | <a href="http://www.loc.gov/catdir/toc/ecip0812/2008010340.html">http://www.loc.gov/catdir/toc/ecip0812/2008010340.html</a> |
| 906 ## - LOCAL DATA ELEMENT F, LDF (RLIN) | |
| a | 7 |
| b | cbc |
| c | orignew |
| d | 1 |
| e | ecip |
| f | 20 |
| g | y-gencatlg |
| 942 ## - ADDED ENTRY ELEMENTS (KOHA) | |
| Source of classification or shelving scheme | |
| Koha item type | Book |
| Withdrawn status | Lost status | Source of classification or shelving scheme | Damaged status | Not for loan | Permanent Location | Current Location | Shelving location | Date acquired | Source of acquisition | Cost, normal purchase price | Total Checkouts | Full call number | Barcode | Date last seen | Cost, replacement price | Price effective from | Koha item type | Date last checked out |
|---|---|---|---|---|---|---|---|---|---|---|---|---|---|---|---|---|---|---|
| Pakistan Navy Engineering College (PNEC) | Pakistan Navy Engineering College (PNEC) | 11/06/2009 | Progressive International Agency | 13302.72 | 658.15 SUL | PNECLIB-029377 | 09/08/2014 | 13302.72 | 11/06/2009 | Book | ||||||||
| Pakistan Navy Engineering College (PNEC) | Pakistan Navy Engineering College (PNEC) | 658.15 SUL | PNECLIB-031402 | 08/12/2015 | Book | |||||||||||||
| Pakistan Navy Engineering College (PNEC) | Pakistan Navy Engineering College (PNEC) | 1 | 658.15 SUL | PNECLIB-024791 | 05/30/2016 | Book | 05/23/2016 |
